| 000 | 00000nam##2200000za#4500 |
| 001 | 9.640458 |
| 003 | CaOODSP |
| 005 | 20210624222658 |
| 007 | cr ||||||||||| |
| 008 | 150407|1999||||xxc|||||o f|0| 0 fre|d |
| 040 | |aCaOODSP|bfre |
| 043 | |an-cn--- |
| 086 | 1 |aH34-257/3-1999F-PDF |
| 110 | 1 |aCanada.|bSanté Canada. |bDirection générale des services médicaux. |
| 245 | 10|aPassation du contrôle des programmes de santé aux communautés inuit des Premières Nations. Guide 3, : |h[ressource électronique]|bAprès le transfert - le nouvel environnement |
| 260 | |aOttawa - Ontario : |bSanté Canada. |cMars 1999. |
| 300 | |a45p.|btableaux |
| 590 | |a12-27-Supp|b2012-06-12 |
| 775 | 08|tTransfer of health programs to First Nations and Inuit communities. Handbook 3, : |w(CaOODSP)9.696331 |
| 856 | 40|ahttp://publications.gc.ca|qPDF|s274 Ko|uhttps://publications.gc.ca/collections/collection_2012/sc-hc/H34-257-3-1999-fra.pdf |